Les Joueurs de football les mieux valorisés dans le Monde - Statistiques

Statistiques générales
  • Ce quiz a été pris 132 fois
  • Le résultat moyen est 12 sur 18
Statistiques - réponses
Valeur marchande (M €) Nationalité Joueur % Correct
200 Espagne Lamine Yamal
99%
180 France Kylian Mbappé
98%
180 Norvège Erling Haaland
96%
180 Angleterre Jude Bellingham
93%
170 Brésil Vinicius Junior
91%
140 Allemagne Jamal Musiala
78%
140 Allemagne Florian Wirtz
77%
140 Espagne Pedri
75%
130 Uruguay Federico Valverde
73%
150 Angleterre Bukayo Saka
68%
100 Angleterre Phil Foden
65%
120 Suède Alexander Isak
63%
100 Argentine Julián Alvarez
49%
120 Angleterre Declan Rice
48%
100 France Michael Olise
42%
120 Angleterre Cole Palmer
39%
110 Espagne Rodri
35%
100 Argentine Alexis Mac Allister
16%
Aucun quiz correspondant
Distribution des résultats
% des personnes avec chaque résultat
Percentile par nombre de réponses
Votre historique - résultats
Vous n’avez pas pris ce quiz